Workbook concepts for planning, control, decision making
Αποθηκεύτηκε σε:
| Κύριος συγγραφέας: | |
|---|---|
| Άλλοι συγγραφείς: | |
| Μορφή: | Βιβλίο |
| Γλώσσα: | English |
| Δημοσίευση: |
Chicago :
Irwin,
1997
|
| Έκδοση: | 8th ed. |
| Θέματα: | |
| Ετικέτες: |
Προσθήκη ετικέτας
Δεν υπάρχουν, Καταχωρήστε ετικέτα πρώτοι!
|
MARC
| LEADER | 00000nam a2200000 i 4500 | ||
|---|---|---|---|
| 001 | 1/59266 | ||
| 008 | 980529s1997 eng d | ||
| 020 | |a 0256235694 | ||
| 035 | |l 10028509 | ||
| 040 | |a GR-MY-UA |b gre |e aacr | ||
| 041 | 0 | |a eng | |
| 082 | 0 | |a 658.1511 | |
| 100 | 1 | |a Garrison, Ray H. | |
| 245 | 1 | 0 | |a Workbook/study guide for use with managerial accounting : |b concepts for planning, control, decision making / |c Ray H. Garrison, Eric W. Noreen |
| 250 | |a 8th ed. | ||
| 260 | |a Chicago : |b Irwin, |c 1997 | ||
| 300 | |a v, 242 σ. | ||
| 650 | 0 | 0 | |a Managerial accounting. |
| 700 | 1 | |a Noreen, Eric W. | |
| 852 | |a INST |b CHIOS |e 19980617 |h 658.1511 GAR |p 005200016114 |q 005200016114 |t BK |y 0 | ||
| 852 | |a INST |b CHIOS |e 19980617 |h 658.1511 GAR |p 005200016120 |q 005200016120 |t BK |y 0 | ||
| 852 | |a INST |b CHIOS |e 19980529 |h 658.1511 GAR |p 005200016406 |q 005200016406 |t BK |y 0 | ||
| 901 | |a BIBL-1998-2 | ||
| 909 | |a Χ |b 056039 | ||
| 909 | |a Χ |b 057247 | ||
| 909 | |a Χ |b 057248 | ||
| 922 | |a 2ΕΛΗ |b 199804 |c ΤΔΕ |d ΠΑΠΑΣΩΤΗΡΙΟΥ | ||
| 922 | |a 2ΕΛΗ |b 199805 |c ΤΔΕ |d ΠΑΠΑΣΩΤΗΡΙΟΥ | ||